Quick Pick: Chevy Models Quiz Stats

Quiz Updated Mar 3, 2018

Challenge
Share
Tweet
Embed
Score 0/10 Timer 01:00
7 Plays Today
% Correct
Corvette
92.8%
Impala
89.3%
Cavalier
89.1%
Malibu
88.4%
Suburban
78.9%
Volt
72.7%
Bel Air
72.2%
Vega
60.3%
Citation
58.8%
Nomad
41%

Today's Daily Dose

Missing Word
April Birthdays

Quick Pick
Signature Pinks

On This Day
April 20th II

You're not logged in!

Compare scores with friends on all Sporcle quizzes.
Sign Up with Email
OR
Log In

You Might Also Like...

Show Comments

Extras

Top Quizzes Today


Score Distribution

Your Account Isn't Verified!

In order to create a playlist on Sporcle, you need to verify the email address you used during registration. Go to your Sporcle Settings to finish the process.

Report this User

Report this user for behavior that violates our Community Guidelines.

Details: